00432 a2200121 4500001001000000005001700010008004100027245008600068100003700154700003400191773006800225999001700293ART_4797420260410162006.0260409a 10aReflexiones en torno a la figura de los daños punitivos (art. 52 bis, L. 24240)1 aLamanna Guiñazú, Emiliano C.1 aFossaceca, Carlos Alberto (h)0 tTemas de derecho civilg- Año 4, N° 11 (nov. 2018)wREV34778 c31776d31776